banner koha

Interrelacoes entre minerais no solo, plantas forrageiras e tecido animal no norte de Mato Grosso, 4: zinco, magnesio, sodio e potassio [Gado de corte; Deficiencia mineral; Solo; Brasil] (Registro n. 108845)

MARC details
000 -LÍDER
campo de controle de tamanho fixo 01470nas a2200409 4500
001 - NÚMERO DE CONTROLE
campo de controle BR8200930
003 - IDENTIFICADOR DO NÚMERO DE CONTROLE
campo de controle BR-BrBNA
005 - DATA E HORÁRIO DA ÚLTIMA TRANSAÇÃO
campo de controle 20231205085035.0
007 - CAMPO FIXO DE DESCRIÇÃO FÍSICA--INFORMAÇÃO GERAL
campo de controle de tamanho fixo ta
008 - CAMPO DE DADOS FIXOS--INFORMAÇÃO GERAL
campo de controle de tamanho fixo 230509b bl.|||p| |||| 00| 00por d
040 ## - FONTE DA CATALOGAÇÃO
Instituição da catalogação original BR-BrBNA
Idioma da catalogação por
Instituição que transcreveu o registro Biblioteca Nacional de Agricultura
041 ## - CÓDIGO DE IDIOMA
Código do idioma do texto/trilha sonora ou título diferente (Pt)
072 ## - CÓDIGO DE CATEGORIA DE ASSUNTO
Código de Categoria de Assunto F25; L30; L74
100 1# - ENTRADA PRINCIPAL--NOME PESSOAL
Nome pessoal Sousa, J.C. de
100 1# - ENTRADA PRINCIPAL--NOME PESSOAL
Nome pessoal Conrad, J.H.
100 1# - ENTRADA PRINCIPAL--NOME PESSOAL
Nome pessoal Mott, G.O.
100 1# - ENTRADA PRINCIPAL--NOME PESSOAL
Nome pessoal McDowell, L.R.
100 1# - ENTRADA PRINCIPAL--NOME PESSOAL
Nome pessoal Ammerman, C.B.
100 1# - ENTRADA PRINCIPAL--NOME PESSOAL
Nome pessoal Blue, W.G.
245 1# - TÍTULO
Título Interrelacoes entre minerais no solo, plantas forrageiras e tecido animal no norte de Mato Grosso, 4: zinco, magnesio, sodio e potassio [Gado de corte; Deficiencia mineral; Solo; Brasil]
Restante do título Parte de tese
246 1# - FORMA VARIANTE DO TÍTULO
Título/título abreviado Interrelationships among mineral levels in soil, forage, and animal tissues on ranches in northern Mato Grosso, 4: zinc, magnesium, sodium and potassium [Beef cattle; Mineral lack; Soil; Brazil]
Restante do título [Part of thesis]
650 ## - ASSUNTO--TERMO TÓPICO
Cabeçalho tópico ou nome geográfico Fertilidade do solo
650 ## - ASSUNTO--TERMO TÓPICO
Cabeçalho tópico ou nome geográfico Nutricao animal
650 ## - ASSUNTO--TERMO TÓPICO
Cabeçalho tópico ou nome geográfico Disturbio animal
650 ## - ASSUNTO--TERMO TÓPICO
Cabeçalho tópico ou nome geográfico Gado de corte
650 ## - ASSUNTO--TERMO TÓPICO
Cabeçalho tópico ou nome geográfico Planta forrageira
650 ## - ASSUNTO--TERMO TÓPICO
Cabeçalho tópico ou nome geográfico Deficiencia mineral
650 ## - ASSUNTO--TERMO TÓPICO
Cabeçalho tópico ou nome geográfico Zinco
650 ## - ASSUNTO--TERMO TÓPICO
Cabeçalho tópico ou nome geográfico Magnesio
650 ## - ASSUNTO--TERMO TÓPICO
Cabeçalho tópico ou nome geográfico Sodio
650 ## - ASSUNTO--TERMO TÓPICO
Cabeçalho tópico ou nome geográfico Potassio
650 ## - ASSUNTO--TERMO TÓPICO
Cabeçalho tópico ou nome geográfico Solo
650 ## - ASSUNTO--TERMO TÓPICO
Cabeçalho tópico ou nome geográfico Mato Grosso
773 0# - ENTRADA ANALÍTICA
Título Pesquisa Agropecuaria Brasileira (Brazil)
ISSN - International Standard Serial Number ISSN 0100-204X
Partes relacionadas (Jan 1982), v. 17(1) p. 11-20
Número de controle do registro BR8200930
909 ## -
-- 202311
-- Lúcia
-- 55
-- Lúcia Elande
942 ## - ELEMENTOS DE ENTRADA ADICIONADOS (KOHA)
Fonte da classificação ou esquema de arquivamento na estante Classificação AGRIS
Ocultar no OPAC Não
Tipo de material Koha Analítica
Exemplares
Situação do descarte Fonte da classificação ou esquema de arquivamento na estante Situação física Não pode ser emprestado Biblioteca de origem Biblioteca atual Localização na estante Enumeração do periódico / cronologia Total de empréstimos Data de último acesso Número do exemplar Tipo de material Koha Fonte de aquisição
  Classificação AGRIS   Consulta local Biblioteca Nacional de Agricultura - Binagri Biblioteca Nacional de Agricultura - Binagri   (Jan 1982), v. 17(1) p. 11-20   29/11/2023 01 Periódicos Portaria Interministerial nº 164/94

BINAGRI

Telefone: (61)3218-2567/2388/3357/2097 - binagri@agro.gov.br

Ministério da Agricultura e Pecuária , Esplanada dos Ministérios, Bloco D, Anexo B, Brasília/DF, CEP: 70.043-900